| 000 | 00992cam a2200241 4500 | ||
|---|---|---|---|
| 001 | WB3724-26 | ||
| 008 | 000000n2001 000 0 eng u | ||
| 035 | _a(Sirsi) u113177 | ||
| 245 | _aOnline home-hunters | ||
| 260 | _c2001 | ||
| 490 |
_aNegotiator _v16(12) 15 June 2001, 8(1) |
||
| 520 | _aA recent survey conducted by propertyfinder.co.uk, at the Evening Standard's Homebuyer Show, has found that Brits are following the US internet trend and increasingly using the internet to house-hunt. 55% of prospective homebuyers who had access to the internet had searched for a propery online. The survey also revealed that most internet home-hunters are young, upwardly- mobile professionals. | ||
| 590 | _aWB | ||
| 650 | _aPROPERTYFINDER | ||
| 650 | _aHOUSE BUYERS | ||
| 650 | _aUNITED STATES | ||
| 650 | _aTRENDS | ||
| 650 | _aUNITED KINGDOM | ||
| 650 | _aSURVEY | ||
| 650 | _aINTERNET | ||
| 690 | _aPROPERTY-RESIDENTIAL PROPERTY-RESIDENTIAL PROPERTY MARKET | ||
| 942 | _n0 | ||
| 999 |
_c67396 _d67396 |
||